<?xml version="1.0" encoding="UTF-8"?><record xmlns="http://www.loc.gov/MARC21/slim" xmlns:zs="http://docs.oasis-open.org/ns/search-ws/sruResponse">
  <leader>00424nz  a2200133n  4500</leader>
  <controlfield tag="001">n  86004332 </controlfield>
  <controlfield tag="003">DLC</controlfield>
  <controlfield tag="005">19870225164202.2</controlfield>
  <controlfield tag="008">870202n| acannaab|          |n aaa ||| c</controlfield>
  <datafield ind1=" " ind2=" " tag="010">
    <subfield code="a">n  86004332 </subfield>
  </datafield>
  <datafield ind1=" " ind2=" " tag="040">
    <subfield code="a">InU</subfield>
    <subfield code="c">DLC</subfield>
    <subfield code="d">DLC</subfield>
  </datafield>
  <datafield ind1="1" ind2="0" tag="100">
    <subfield code="a">Traut, Hermann,</subfield>
    <subfield code="d">1866-</subfield>
  </datafield>
  <datafield ind1=" " ind2=" " tag="670">
    <subfield code="a">His Der Römer, 1908:</subfield>
    <subfield code="b">t.p. verso (Dr. Hermann Traut, Bibliothekar an der [Frankfurter] Stadtbibliothek)</subfield>
  </datafield>
  <datafield ind1=" " ind2=" " tag="670">
    <subfield code="a">NUC pre-1956</subfield>
    <subfield code="b">(Traut, Hermann, 1866- )</subfield>
  </datafield>
</record>
